मेरे साक्षात्कार (Record no. 370177)

MARC details
000 -LEADER
fixed length control field 00756nam a2200217Ia 4500
003 - CONTROL NUMBER IDENTIFIER
control field OSt
005 - DATE AND TIME OF LATEST TRANSACTION
control field 20250908123810.0
008 - FIXED-LENGTH DATA ELEMENTS--GENERAL INFORMATION
fixed length control field 220922b |||||||| |||| 00| 0 hin d
037 ## - SOURCE OF ACQUISITION
Terms of availability TB
040 ## - CATALOGING SOURCE
Original cataloging agency ARTS
Transcribing agency ARTS
Language of cataloging hin
041 ## - LANGUAGE CODE
Source of code hin
Language code of text/sound track or separate title hin
084 ## - COLON CLASSIFICATION NUMBER
Classification number O152,6N41w N8
Assigning agency AL
100 ## - MAIN ENTRY--PERSONAL NAME
Personal name पाण्डेय, मैनेजर
9 (RLIN) 820257
245 #0 - TITLE STATEMENT
Title मेरे साक्षात्कार
246 ## - VARYING FORM OF TITLE
Title proper/short title Mere sākṣhātkāra
260 ## - PUBLICATION, DISTRIBUTION, ETC.
Place of publication, distribution, etc. नयी दिल्ली
Name of publisher, distributor, etc. किताबघर
Date of publication, distribution, etc. 1998
300 ## - PHYSICAL DESCRIPTION
Extent 164पृ.
Dimensions cm.
490 ## - SERIES STATEMENT
Series statement मेरे साक्षात्कार सीरीज़
942 ## - ADDED ENTRY ELEMENTS (KOHA)
Classification part O152,6N41w N8
Koha item type Textbook
Source of classification or shelving scheme Colon Classification (CC)
Suppress in OPAC No
Holdings
Withdrawn status Lost status Damaged status Not for loan Home library Current library Date acquired Total Checkouts Full call number Barcode Date last seen Price effective from Koha item type
        Arts Library Arts Library 2022-09-23   O152,6N41w N8 AL1345402 2022-09-23 2022-09-23 Textual
Copyright @ Delhi University Library System